Zákon o ochrane spotrebiteľa zákon č. 250/2007 Z. z. o ochrane spotrebiteľa s komentárom

Komplexný prehľad právnej úpravy ochrany spotrebiteľa ako organickej súčasti spotrebiteľskej politiky na Slovensku a v rámci Európskej únie. Súčasné znenie zákona o ochrane spotrebiteľa, prehľad zmien a charakteristika každej časti zákona. Povinnosti predávajúceho, nekalé obchodné praktiky, kódex sp...

Descrizione completa

Salvato in:
Dettagli Bibliografici
Autore principale: Trizuliak, Tibor
Natura: Capitolo di libro
Lingua:slovacco
Soggetti:
Tags: Aggiungi Tag
Nessun Tag, puoi essere il primo ad aggiungerne!!

MARC

LEADER 00000naa a2200000 4500
001 0270012
005 20201123140803.4
041 0 |a slo 
044 |a SK 
245 1 0 |a Zákon o ochrane spotrebiteľa  |b zákon č. 250/2007 Z. z. o ochrane spotrebiteľa s komentárom  |c Tibor Trizuliak 
520 |a Komplexný prehľad právnej úpravy ochrany spotrebiteľa ako organickej súčasti spotrebiteľskej politiky na Slovensku a v rámci Európskej únie. Súčasné znenie zákona o ochrane spotrebiteľa, prehľad zmien a charakteristika každej časti zákona. Povinnosti predávajúceho, nekalé obchodné praktiky, kódex správania, orgány dozoru a ďalšie paragrafy zákona s komentármi a poznámkami. 
610 2 0 |a ochrana spotrebiteľa 
610 2 0 |a prostredie podnikateľské 
610 2 0 |a podnikatelia 
610 2 0 |a právo obchodné 
610 2 0 |a právo európske 
610 2 0 |a legislatíva 
610 2 0 |a zákony 
610 2 0 |a teória a prax 
100 1 |a Trizuliak, Tibor